Ciências 7 - Statistics

Estatísticas Gerais
  • Esse quiz foi jogado 134 vezes
  • A pontuação média é 9 de 16
Estatísticas das Respostas
Hint Resposta % Correto
De que lado do coração circula sangue venoso? Direito
95%
De que lado do coração circula sangue arterial? Esquerdo
93%
No sangue a que se deve a cor vermelha? Hemoglobina
79%
Qual é o sangue rico em oxigénio e vermelho vivo? Arterial
78%
Qual o nome da pressão feita sobre as artérias? Arterial
78%
Qual o nome do órgão em forma de bolsa que serve para armazenar a urina antes de ser expulsa, por isso tem paredes elásticas e musculares? Bexiga
78%
Qual o nome dos órgãos em forma de feijão, servem para filtrar o sangue, limpando-o de substâncias nocivas ao organismo ou de substâncias em excesso, formando a urina? Rins
76%
Qual é o sangue rico em dióxido de carbono e vermelho escuro? Venoso
76%
O que leva o sangue de volta para o coração? Veias
58%
De onde saí o sangue do coração? Artérias
45%
Qual é o músculo responsável pelo funcionamento do coração? Miocárdio
34%
O que faz a ligação entre as artérias e as veias? Capilares
31%
Qual o nome dos canais que transportam a urina dos rins até à bexiga, através de movimentos peristálticos? Ureteres
30%
Por que órgão é revestido o coração? Pericárdio
22%
Qual o nome do canal estreito que transporta a urina da bexiga para o exterior do organismo? Ureta
15%
Qual o nome das estruturas que impedem que o sangue volte para trás? Vénulas
2%
Nenhum quiz correspondente encontrado
Distribuição das Pontuações
Porcentagem de Pessoas com Cada Pontuação
Percentil de Números Respondidos
Sua Pontuação Histórica
Você não jogou esse quiz